000 00578nam a2200217Ia 4500
003 OSt
005 20220923230913.0
006 a|||||r|||| 00| 0
007 ta
008 Pun
024 _a306,317
037 _cTextual
040 _aARTS
_cARTS
_bPun
041 _2Pun
_aPun
082 _aO168,3xN3, 153L2
100 _aਕ੍ਰਿFਨ ਚੰਦਰ
_9160121
245 0 _aਕਥਾ ਭਾਰਤੀ ਉਰਦੂ ਕਹਾਣਿਆਂ
260 _c1972
942 _hO168,3xN3, 153L2
_cTEXL
_2CC
999 _c388103
_d388103